[Event "MNT-ch 74th"]
[Site "Podgorica"]
[Date "2022.02.27"]
[Round "9"]
[White "Koljevic, Nikolina"]
[Black "Djokovic, Mirsad"]
[Result "1-0"]
[WhiteElo "1967"]
[BlackElo "2147"]
[PlyCount "65"]
[EventDate "2022.02.19"]
[EventType "swiss"]
[EventRounds "9"]
[EventCountry "MNE"]
[SourceTitle "EXT 2023"]
[Source "ChessBase"]
[SourceDate "2022.10.05"]
[SourceVersion "1"]
[SourceVersionDate "2022.10.05"]
[SourceQuality "1"]

1. e4 c5 2. Nf3 d6 3. d4 cxd4 4. Qxd4 Nc6 5. Bb5 Bd7 6. Bxc6 Bxc6 7. Nc3 e6 8. Bg5 Qa5 9. 0-0-0 b5 10. Rhe1 Rc8 11. Kb1 f6 12. Bd2 Kf7 13. Nd5 Qa4 14. Nb4 Be8 15. Re3 Rc4 16. b3 Rxd4 17. bxa4 Rc4 18. axb5 Bxb5 19. Ra3 Rxe4 20. Rxa7+ Kg6 21. Re1 Be2 22. Ng1 d5 23. Rxe2 Bxb4 24. Rxe4 Bxd2 25. Re2 Bc3 26. Ra8 e5 27. Re3 d4 28. Rg3+ Kh6 29. Ne2 Bd2 30. Rd3 Be1 31. Rh3+ Kg6 32. Rb3 h5 33. Rbb8 1-0

[Event "MNT-ch 74th"]
[Site "Podgorica"]
[Date "2022.02.22"]
[Round "4"]
[White "Djokovic, Mirsad"]
[Black "Mandic, Stefan"]
[Result "0-1"]
[WhiteElo "2147"]
[BlackElo "1946"]
[PlyCount "74"]
[EventDate "2022.02.19"]
[EventType "swiss"]
[EventRounds "9"]
[EventCountry "MNE"]
[SourceTitle "EXT 2023"]
[Source "ChessBase"]
[SourceDate "2022.10.05"]
[SourceVersion "1"]
[SourceVersionDate "2022.10.05"]
[SourceQuality "1"]

1. e4 e5 2. Nc3 Nf6 3. f4 d5 4. fxe5 Nxe4 5. Nf3 Bc5 6. d4 Bb4 7. Bd2 c5 8. Nxe4 dxe4 9. Bxb4 cxb4 10. Ng1 Nc6 11. c3 bxc3 12. bxc3 Qa5 13. Qd2 0-0 14. Rb1 a6 15. Ne2 Bf5 16. Rxb7 Rab8 17. Rxb8 Rxb8 18. h3 Qa3 19. Qe3 Qxa2 20. Kf2 Na5 21. Kg3 Qa1 22. Qg5 Be6 23. Nf4 Qxc3+ 24. Kh2 h6 25. Qe7 Qxd4 26. Qc7 Qb6 27. Nxe6 fxe6 28. Qe7 Qc6 29. Be2 Qd5 30. Rd1 Qxe5+ 31. Kh1 Nc6 32. Qd7 Nb4 33. Bg4 Nd3 34. Bxe6+ Kh8 35. Rf1 Nf2+ 36. Kg1 e3 37. Qf7 e2 0-1

[Event "Podgorica Buducnost op"]
[Site "Podgorica"]
[Date "2021.11.20"]
[Round "2"]
[White "Djokovic, Mirsad"]
[Black "Tomic, Aleksandar1111"]
[Result "0-1"]
[WhiteElo "2168"]
[BlackElo "2327"]
[PlyCount "68"]
[EventDate "2021.11.19"]
[EventType "swiss"]
[EventRounds "5"]
[EventCountry "MNE"]
[SourceTitle "CBM 205 Extra"]
[Source "ChessBase"]
[SourceDate "2022.01.31"]
[SourceVersion "1"]
[SourceVersionDate "2022.01.31"]
[SourceQuality "1"]

1. e4 c6 2. d4 d5 3. Nc3 g6 4. Be3 Bg7 5. Qd2 dxe4 6. Nxe4 Nd7 7. Nf3 Ngf6 8. Ng3 0-0 9. Bh6 Bxh6 10. Qxh6 Qa5+ 11. c3 Re8 12. Ng5 e5 13. 0-0-0 Qxa2 14. Bd3 Nf8 15. Bb1 Qa5 16. f3 exd4 17. Rxd4 Qe5 18. Ba2 Qe3+ 19. Kb1 Be6 20. Rh4 Bxa2+ 21. Kxa2 Re5 22. N5e4 Qxh6 23. Rxh6 Nxe4 24. Nxe4 Rd8 25. c4 f5 26. Nc3 Rd4 27. Kb3 Ne6 28. Ra1 a5 29. Rd1 Rxd1 30. Nxd1 Re2 31. g4 f4 32. h4 Kg7 33. g5 Nd4+ 34. Ka4 Nf5 0-1

[Event "Podgorica Buducnost op"]
[Site "Podgorica"]
[Date "2021.11.20"]
[Round "3"]
[White "Djurovic, Peko"]
[Black "Djokovic, Mirsad"]
[Result "1-0"]
[WhiteElo "2176"]
[BlackElo "2168"]
[PlyCount "67"]
[EventDate "2021.11.19"]
[EventType "swiss"]
[EventRounds "5"]
[EventCountry "MNE"]
[SourceTitle "CBM 205 Extra"]
[Source "ChessBase"]
[SourceDate "2022.01.31"]
[SourceVersion "1"]
[SourceVersionDate "2022.01.31"]
[SourceQuality "1"]

1. e4 Nf6 2. e5 Nd5 3. d4 d6 4. c4 Nb6 5. exd6 cxd6 6. Nc3 Nc6 7. Be2 g6 8. Be3 Bg7 9. Rc1 0-0 10. b3 Bf5 11. Nf3 h6 12. 0-0 g5 13. d5 Ne5 14. Nxe5 dxe5 15. c5 Nc8 16. b4 Bg6 17. Bh5 Bh7 18. h4 f6 19. Qe2 a6 20. Rfd1 Kh8 21. d6 exd6 22. cxd6 f5 23. d7 Ne7 24. Na4 Nc6 25. Nc5 Nd4 26. Bxd4 exd4 27. Ne6 Qxd7 28. Rc7 Qd6 29. Rxg7 Rf6 30. Nxd4 Rd8 31. hxg5 hxg5 32. Rxg5 Qxb4 33. Qe5 Rdf8 34. Ne6 1-0

[Event "MNT-ch 73rd"]
[Site "Podgorica"]
[Date "2021.05.08"]
[Round "7"]
[White "Vujovic, Savo"]
[Black "Djokovic, Mirsad"]
[Result "1-0"]
[WhiteElo "2167"]
[BlackElo "2127"]
[PlyCount "75"]
[EventDate "2021.05.03"]
[EventType "swiss"]
[EventRounds "9"]
[EventCountry "MNE"]
[SourceTitle "CBM 202 Extra"]
[Source "ChessBase"]
[SourceDate "2021.07.31"]
[SourceVersion "1"]
[SourceVersionDate "2021.07.31"]
[SourceQuality "1"]

1. e4 c5 2. Nf3 d6 3. d4 cxd4 4. Nxd4 Nf6 5. Nc3 g6 6. Be3 Bg7 7. f3 Nc6 8. Qd2 0-0 9. 0-0-0 Nd7 10. g4 Nde5 11. Qg2 Na5 12. Nb3 Nac4 13. Bd4 b5 14. Nxb5 Ba6 15. Nc3 Qc8 16. h3 Re8 17. Re1 Bb7 18. f4 Nd7 19. Bxg7 Kxg7 20. Qf2 e5 21. f5 a5 22. a4 Ndb6 23. Nd2 Rb8 24. Bxc4 Nxc4 25. Nxc4 Qxc4 26. Qe2 Qb4 27. Qb5 Qd4 28. Qd3 Qb4 29. Qb5 Qd4 30. Qxa5 Bc6 31. Rd1 Qe3+ 32. Kb1 Red8 33. fxg6 hxg6 34. Rhf1 Be8 35. Rxd6 Rdc8 36. Qxe5+ Kh7 37. Rd7 Rxc3 38. Rfxf7+ 1-0

[Event "MNT-ch 73rd"]
[Site "Podgorica"]
[Date "2021.05.07"]
[Round "5"]
[White "Lazarevic, Zoran1111"]
[Black "Djokovic, Mirsad"]
[Result "0-1"]
[WhiteElo "1898"]
[BlackElo "2127"]
[PlyCount "54"]
[EventDate "2021.05.03"]
[EventType "swiss"]
[EventRounds "9"]
[EventCountry "MNE"]
[SourceTitle "CBM 202 Extra"]
[Source "ChessBase"]
[SourceDate "2021.07.31"]
[SourceVersion "1"]
[SourceVersionDate "2021.07.31"]
[SourceQuality "1"]

1. Nf3 e6 2. e4 c5 3. b4 cxb4 4. d4 Nf6 5. Bd3 b6 6. e5 Nd5 7. Ng5 Nc6 8. 0-0 Be7 9. Qh5 g6 10. Qh6 Bf8 11. Qh3 Bg7 12. Ne4 f5 13. Bg5 Qc7 14. Nd6+ Kf8 15. c4 bxc3 16. Nxc3 Nxc3 17. Rfc1 Nd5 18. g4 h6 19. Bd2 Qd8 20. gxf5 gxf5 21. Bxf5 Nxd4 22. Qh5 Qe7 23. Bd3 Bxe5 24. Nxc8 Qf6 25. Nxa7 Nf3+ 26. Kh1 Nxd2 27. Rg1 Bxa1 0-1

[Event "MNT-ch 73rd"]
[Site "Podgorica"]
[Date "2021.05.03"]
[Round "1"]
[White "Djukic, Nikola"]
[Black "Djokovic, Mirsad"]
[Result "1-0"]
[WhiteElo "2510"]
[BlackElo "2127"]
[PlyCount "41"]
[EventDate "2021.05.03"]
[EventType "swiss"]
[EventRounds "9"]
[EventCountry "MNE"]
[SourceTitle "CBM 202 Extra"]
[Source "ChessBase"]
[SourceDate "2021.07.31"]
[SourceVersion "1"]
[SourceVersionDate "2021.07.31"]
[SourceQuality "1"]

1. e4 c5 2. Nf3 d6 3. d4 cxd4 4. Nxd4 Nf6 5. Nc3 g6 6. Be3 Bg7 7. f3 Nc6 8. Bc4 0-0 9. Bb3 Nd7 10. h4 Nb6 11. h5 Ne5 12. hxg6 hxg6 13. Qe2 a5 14. g4 Re8 15. Bg5 Nxg4 16. fxg4 Bxd4 17. Qh2 e6 18. Bxd8 Rxd8 19. 0-0-0 Be3+ 20. Kb1 a4 21. Qh8# 1-0

[Event "MNT-chT"]
[Site "Podgorica"]
[Date "2020.10.14"]
[Round "8.2"]
[White "Rabrenovic, Milinko"]
[Black "Djokovic, Mirsad"]
[Result "1-0"]
[WhiteElo "2223"]
[BlackElo "2117"]
[PlyCount "87"]
[EventDate "2020.10.09"]
[EventType "team-tourn"]
[EventRounds "9"]
[EventCountry "MNE"]
[SourceTitle "CBM 198 Extra"]
[Source "ChessBase"]
[SourceDate "2020.11.30"]
[SourceVersion "1"]
[SourceVersionDate "2020.11.30"]
[SourceQuality "1"]
[WhiteTeam "Rokada"]
[BlackTeam "7. Oktobar"]
[WhiteTeamCountry "MNE"]
[BlackTeamCountry "MNE"]

1. Nf3 c5 2. e4 Nc6 3. Bb5 g6 4. 0-0 Bg7 5. c3 Qb6 6. a4 a6 7. Bxc6 Qxc6 8. Re1 d6 9. d4 e5 10. Nbd2 f6 11. b4 Nh6 12. bxc5 dxc5 13. Ba3 Bd7 14. Bxc5 b6 15. Bb4 a5 16. d5 Qc7 17. Ba3 Qxc3 18. Re3 Qc7 19. Rc1 Qd8 20. Nc4 Nf7 21. Rb1 Rb8 22. Qb3 b5 23. Nd6+ Nxd6 24. Bxd6 Rb7 25. axb5 Rxb5 26. Qa2 Rxb1+ 27. Qxb1 Bf8 28. Bxf8 Rxf8 29. Rb3 Kf7 30. Rb7 Kg7 31. Nd2 Rf7 32. Nc4 a4 33. Nd6 Re7 34. Qb4 Qf8 35. Rb8 Be8 36. h4 h5 37. Qa5 f5 38. exf5 gxf5 39. Qa8 Kh7 40. Nxe8 a3 41. d6 Rd7 42. Qxa3 Qf7 43. Qg3 f4 44. Qg5 1-0

[Event "MNT-chT"]
[Site "Podgorica"]
[Date "2020.10.11"]
[Round "5.3"]
[White "Djokovic, Mirsad"]
[Black "Draskovic, Davor"]
[Result "1/2-1/2"]
[WhiteElo "2117"]
[BlackElo "2020"]
[PlyCount "47"]
[EventDate "2020.10.09"]
[EventType "team-tourn"]
[EventRounds "9"]
[EventCountry "MNE"]
[SourceTitle "CBM 198 Extra"]
[Source "ChessBase"]
[SourceDate "2020.11.30"]
[SourceVersion "1"]
[SourceVersionDate "2020.11.30"]
[SourceQuality "1"]
[WhiteTeam "7. Oktobar"]
[BlackTeam "Mimoza"]
[WhiteTeamCountry "MNE"]
[BlackTeamCountry "MNE"]

1. f4 d5 2. Nf3 Nf6 3. e3 g6 4. Be2 Bg7 5. 0-0 0-0 6. Qe1 c5 7. d3 Nc6 8. c3 Qc7 9. Qg3 b6 10. Nbd2 Ba6 11. Re1 Rfe8 12. Ne5 Nxe5 13. fxe5 Nd7 14. d4 Bxe2 15. Rxe2 f6 16. exf6 Qxg3 17. f7+ Kxf7 18. hxg3 e5 19. dxc5 Nxc5 20. e4 d4 21. Nc4 Ke6 22. Bd2 Rac8 23. cxd4 exd4 24. e5 1/2-1/2

[Event "EU-ch rapid"]
[Site "Skopje"]
[Date "2018.12.08"]
[Round "1"]
[White "Djokovic, Mirsad"]
[Black "Demchenko, Anton"]
[Result "0-1"]
[WhiteElo "2113"]
[BlackElo "2679"]
[PlyCount "72"]
[EventDate "2018.12.08"]
[EventType "swiss (rapid)"]
[EventRounds "13"]
[EventCountry "MKD"]
[SourceTitle "CBM 187 Extra"]
[Source "ChessBase"]
[SourceDate "2018.11.04"]
[SourceVersion "1"]
[SourceVersionDate "2018.11.04"]
[SourceQuality "1"]

1. f4 g6 2. Nf3 Bg7 3. g3 d6 4. Bg2 e5 5. d3 exf4 6. gxf4 Ne7 7. Nc3 d5 8. 0-0 0-0 9. Kh1 Nbc6 10. d4 Be6 11. Be3 Qd7 12. Bf2 Bh3 13. Rg1 Bxg2+ 14. Rxg2 Nf5 15. e3 Rfe8 16. Qd2 Nce7 17. Ne5 Qe6 18. Re1 Rad8 19. b3 Nd6 20. Qd3 Nef5 21. a4 c6 22. a5 f6 23. Nf3 Ne4 24. Bg1 Bf8 25. Na2 Kh8 26. c3 Bd6 27. b4 Rg8 28. Nc1 g5 29. Ne2 gxf4 30. Nxf4 Bxf4 31. exf4 Rxg2 32. Kxg2 Rg8+ 33. Kf1 Nfd6 34. Ke2 Nc4 35. Kf1 Qh3+ 36. Ke2 Qg2+ 0-1

[Event "MNT-chT 1st League"]
[Site "Podgorica"]
[Date "2018.10.21"]
[Round "9.1"]
[White "Maljevic, Miloje"]
[Black "Djokovic, Mirsad"]
[Result "1/2-1/2"]
[WhiteElo "2068"]
[BlackElo "2107"]
[PlyCount "31"]
[EventDate "2018.09.07"]
[EventType "team-tourn"]
[EventRounds "9"]
[EventCountry "MNE"]
[SourceTitle "CBM 187 Extra"]
[Source "ChessBase"]
[SourceDate "2018.11.04"]
[SourceVersion "1"]
[SourceVersionDate "2018.11.04"]
[SourceQuality "1"]
[WhiteTeam "Berane"]
[BlackTeam "Oktober 7th"]
[WhiteTeamCountry "MNE"]
[BlackTeamCountry "MNE"]

1. Nf3 d6 2. c4 e5 3. b3 f5 4. g3 Nc6 5. Bb2 Nf6 6. Bg2 Be7 7. 0-0 0-0 8. d3 Kh8 9. Nbd2 Qe8 10. e3 Ng4 11. d4 e4 12. Ne1 Bg5 13. h3 Nh6 14. a3 Ne7 15. d5 Ng6 16. Nc2 1/2-1/2

[Event "MNT-chT 1st League"]
[Site "Podgorica"]
[Date "2018.09.30"]
[Round "6.4"]
[White "Djokovic, Mirsad"]
[Black "Savovic, Dragan"]
[Result "1-0"]
[WhiteElo "2107"]
[BlackElo "2196"]
[PlyCount "81"]
[EventDate "2018.09.07"]
[EventType "team-tourn"]
[EventRounds "9"]
[EventCountry "MNE"]
[SourceTitle "CBM 187 Extra"]
[Source "ChessBase"]
[SourceDate "2018.11.04"]
[SourceVersion "1"]
[SourceVersionDate "2018.11.04"]
[SourceQuality "1"]
[WhiteTeam "Oktober 7th"]
[BlackTeam "Cetinje"]
[WhiteTeamCountry "MNE"]
[BlackTeamCountry "MNE"]

1. f4 g6 2. Nf3 Bg7 3. g3 d5 4. Bg2 Nf6 5. 0-0 0-0 6. d3 c5 7. c3 Nc6 8. Qc2 Bf5 9. Nh4 Bd7 10. e4 d4 11. e5 Ne8 12. Re1 Rc8 13. c4 Nb4 14. Qe2 Bc6 15. Nf3 b5 16. a3 Na6 17. b3 bxc4 18. bxc4 Nec7 19. Nbd2 Ne6 20. Ne4 Rb8 21. Bh3 Bd7 22. g4 f5 23. gxf5 gxf5 24. Ng3 Bh6 25. Nxf5 Bxf4 26. Qg2+ Kh8 27. Bxf4 Rxf5 28. Bxf5 Nxf4 29. Qg4 Bxf5 30. Qxf4 Bxd3 31. e6 Rb2 32. Qe5+ Kg8 33. Qg3+ Bg6 34. Ne5 Qb8 35. h4 Rb6 36. Qg4 Kh8 37. h5 Be8 38. Rf1 Bxh5 39. Qxh5 Rxe6 40. Rf5 Nc7 41. Raf1 1-0

[Event "MNT-chT 1st League"]
[Site "Podgorica"]
[Date "2018.09.08"]
[Round "2.2"]
[White "Djokovic, Mirsad"]
[Black "Minic, Milan"]
[Result "1/2-1/2"]
[WhiteElo "2107"]
[BlackElo "2091"]
[PlyCount "43"]
[EventDate "2018.09.07"]
[EventType "team-tourn"]
[EventRounds "9"]
[EventCountry "MNE"]
[SourceTitle "CBM 187 Extra"]
[Source "ChessBase"]
[SourceDate "2018.11.04"]
[SourceVersion "1"]
[SourceVersionDate "2018.11.04"]
[SourceQuality "1"]
[WhiteTeam "Oktober 7th"]
[BlackTeam "Prosvjeta"]
[WhiteTeamCountry "MNE"]
[BlackTeamCountry "MNE"]

1. e4 e6 2. d4 d5 3. Nc3 Nf6 4. Bg5 dxe4 5. Nxe4 Be7 6. Nxf6+ Bxf6 7. Bxf6 Qxf6 8. Nf3 0-0 9. Bd3 c5 10. Qe2 Nc6 11. 0-0-0 cxd4 12. h4 Re8 13. Ng5 h6 14. Ne4 Qf4+ 15. Kb1 f5 16. g3 Qc7 17. Qh5 Bd7 18. Nf6+ gxf6 19. Qg6+ Kf8 20. Qxf6+ Kg8 21. Qg6+ Kf8 22. Qf6+ 1/2-1/2

[Event "Podgorica Buducnost op 3rd"]
[Site "Podgorica"]
[Date "2017.12.22"]
[Round "1"]
[White "Djokovic, Mirsad"]
[Black "Vujovic, Savo"]
[Result "1-0"]
[WhiteElo "2107"]
[BlackElo "1717"]
[PlyCount "115"]
[EventDate "2017.12.22"]
[EventType "swiss"]
[EventRounds "7"]
[EventCountry "MNE"]
[SourceTitle "CBM 182 Extra"]
[Source "ChessBase"]
[SourceDate "2018.02.23"]
[SourceVersion "1"]
[SourceVersionDate "2018.02.23"]
[SourceQuality "1"]

1. f4 e5 2. fxe5 d6 3. Nf3 dxe5 4. e4 Bg4 5. Bb5+ c6 6. Bc4 Bxf3 7. Qxf3 Nf6 8. d3 Nbd7 9. 0-0 Bc5+ 10. Kh1 0-0 11. Nc3 a5 12. a4 h6 13. Ne2 Rb8 14. Ng3 b5 15. Bb3 Be7 16. Nf5 Kh7 17. Qg3 Nh5 18. Qh3 Nf4 19. Bxf4 exf4 20. axb5 Rxb5 21. Rxf4 Bg5 22. Rf2 Nc5 23. Bc4 Rxb2 24. Nxh6 Bxh6 25. Qf5+ g6 26. Qxc5 Bg7 27. e5 Qb8 28. Raf1 Qxe5 29. Qxc6 f6 30. Qf3 Rfb8 31. Bb3 Rb4 32. Re2 Qg5 33. Re4 f5 34. Qh3+ Qh6 35. Qxh6+ Kxh6 36. Rxb4 axb4 37. g3 Kg5 38. Kg2 Bf8 39. Kf3 Kf6 40. d4 Bd6 41. Ke3 g5 42. Kd3 f4 43. g4 Kg7 44. h3 Bb8 45. Kc4 Bd6 46. Kd5 Bb8 47. Ra1 Kf6 48. Kc4 Bd6 49. Kd5 Bf8 50. Re1 Be7 51. Kc6 Bd8 52. d5 f3 53. d6 f2 54. Rf1 Ke5 55. Rxf2 Rb1 56. Rf8 Bf6 57. d7 Rd1 58. Kc7 1-0

[Event "Podgorica Zeta CC-ch 18th"]
[Site "Podgorica"]
[Date "2016.02.01"]
[Round "7"]
[White "Vujacic, Igor"]
[Black "Djokovic, Mirsad"]
[Result "1-0"]
[WhiteElo "2151"]
[BlackElo "2082"]
[PlyCount "81"]
[EventDate "2016.01.25"]
[EventType "tourn"]
[EventRounds "10"]
[EventCountry "MNE"]
[SourceTitle "EXT 2018"]
[Source "ChessBase"]
[SourceDate "2017.10.13"]
[SourceVersion "1"]
[SourceVersionDate "2017.10.13"]
[SourceQuality "1"]

1. e4 Nf6 2. e5 Nd5 3. d4 d6 4. Nf3 g6 5. Bc4 c6 6. 0-0 Bg7 7. Bb3 0-0 8. Re1 a5 9. Bg5 Re8 10. exd6 Qxd6 11. c4 Nc7 12. Nc3 Bf5 13. Ne4 Qd8 14. c5 Bxe4 15. Rxe4 h6 16. Bh4 Nd7 17. Qe2 Nf6 18. Ne5 Ncd5 19. Qf3 Qc8 20. Bxf6 exf6 21. Nc4 Rxe4 22. Qxe4 f5 23. Qf3 Qe6 24. Nb6 Rd8 25. Nxd5 cxd5 26. Qc3 Re8 27. h3 Qe4 28. Rd1 Bf6 29. Qxa5 Bxd4 30. Qd2 Bxc5 31. Bxd5 Qe7 32. Qxh6 Qf6 33. Qd2 Re7 34. b4 Bb6 35. Bf3 Kg7 36. a4 Bc7 37. Bxb7 Qb6 38. Bf3 Bd6 39. Qxd6 Re1+ 40. Kh2 Qxf2 41. Qd4+ 1-0

[Event "Podgorica Zeta CC-ch 18th"]
[Site "Podgorica"]
[Date "2016.01.27"]
[Round "3"]
[White "Knezevic, Radomir"]
[Black "Djokovic, Mirsad"]
[Result "0-1"]
[WhiteElo "1964"]
[BlackElo "2082"]
[PlyCount "58"]
[EventDate "2016.01.25"]
[EventType "tourn"]
[EventRounds "10"]
[EventCountry "MNE"]
[SourceTitle "EXT 2018"]
[Source "ChessBase"]
[SourceDate "2017.10.13"]
[SourceVersion "1"]
[SourceVersionDate "2017.10.13"]
[SourceQuality "1"]

1. d4 d5 2. Nf3 e6 3. e3 Nd7 4. Be2 Bd6 5. 0-0 f5 6. b3 c6 7. Bb2 Qf6 8. c4 Ne7 9. Nbd2 0-0 10. Re1 g5 11. g3 Ng6 12. h3 g4 13. Nh2 h5 14. h4 f4 15. exf4 Nxf4 16. f3 Nh3+ 17. Kg2 Bxg3 18. Kxg3 Qf4+ 19. Kg2 Qe3 20. Rf1 Nf4+ 21. Kh1 g3 22. Rg1 Qf2 23. Rxg3+ Qxg3 24. Qf1 Kf7 25. Ba3 c5 26. cxd5 exd5 27. dxc5 Re8 28. Bb5 a6 29. Ba4 Re2 0-1

[Event "Podgorica Zeta CC-ch 17th"]
[Site "Podgorica"]
[Date "2014.11.25"]
[Round "3"]
[White "Djokovic, Mirsad"]
[Black "Knezevic, Radomir"]
[Result "1/2-1/2"]
[WhiteElo "2132"]
[BlackElo "1979"]
[PlyCount "102"]
[EventDate "2014.11.22"]
[EventType "tourn"]
[EventRounds "9"]
[EventCountry "MNE"]
[SourceTitle "EXT 2018"]
[Source "ChessBase"]
[SourceDate "2017.10.13"]
[SourceVersion "1"]
[SourceVersionDate "2017.10.13"]
[SourceQuality "1"]

1. e4 e6 2. d4 d5 3. Nc3 dxe4 4. Nxe4 Nd7 5. Nf3 Ngf6 6. Nxf6+ Nxf6 7. Bd3 Be7 8. Qe2 0-0 9. 0-0 b6 10. Bg5 Bb7 11. Rad1 g6 12. c4 Nh5 13. Bc1 Qd6 14. Bb1 Bf6 15. Be4 Bxe4 16. Qxe4 c5 17. g4 Ng7 18. Bf4 Qe7 19. dxc5 e5 20. Be3 Ne6 21. cxb6 axb6 22. a3 Nc5 23. Qc6 Rfc8 24. Qd6 e4 25. Qxe7 Bxe7 26. Bxc5 Rxc5 27. Nd2 f5 28. gxf5 gxf5 29. b4 Rc7 30. Nb1 Rxc4 31. Rd7 Kf7 32. Rfd1 Ke6 33. Rb7 Rc6 34. b5 Rd6 35. Rxd6+ Bxd6 36. Rxb6 Kd5 37. Nc3+ Ke5 38. a4 Bb4 39. Ne2 Rxa4 40. Rh6 Ra7 41. Rh5 Bc5 42. Ng3 Rf7 43. Kf1 Kf4 44. Ke2 Be7 45. Rh6 Ke5 46. Rh5 Bd8 47. f3 exf3+ 48. Kxf3 Ke6 49. Rh6+ Ke5 50. Rh5 Ke6 51. Rh6+ Ke5 1/2-1/2

[Event "Podgorica Zeta CC-ch 16th"]
[Site "Podgorica"]
[Date "2013.12.22"]
[Round "7"]
[White "Djokovic, Mirsad"]
[Black "Vujacic, Igor"]
[Result "0-1"]
[WhiteElo "2109"]
[BlackElo "2181"]
[PlyCount "62"]
[EventDate "2013.12.14"]
[EventType "tourn"]
[EventRounds "7"]
[EventCountry "MNE"]
[SourceTitle "EXT 2018"]
[Source "ChessBase"]
[SourceDate "2017.10.13"]
[SourceVersion "1"]
[SourceVersionDate "2017.10.13"]
[SourceQuality "1"]

1. e4 c5 2. c4 Nc6 3. Nc3 d6 4. Nge2 g6 5. d4 cxd4 6. Nxd4 Bg7 7. Be3 Nf6 8. f3 0-0 9. Qd2 Nxd4 10. Bxd4 Qa5 11. Be2 Be6 12. Rc1 Rfc8 13. b3 a6 14. Rc2 b5 15. cxb5 axb5 16. 0-0 b4 17. Na4 Rxc2 18. Qxc2 Bd7 19. Rc1 Bxa4 20. bxa4 Ng4 21. Qd2 b3 22. Qb2 Bxd4+ 23. Qxd4 e5 24. Qxd6 Rd8 25. Qa6 b2 26. Rf1 Qc5+ 27. Kh1 b1Q 28. Rxb1 Nf2+ 29. Kg1 Nh3+ 30. Kh1 Qg1+ 31. Rxg1 Nf2# 0-1

[Event "Podgorica Zeta CC-ch 16th"]
[Site "Podgorica"]
[Date "2013.12.18"]
[Round "5"]
[White "Djokovic, Mirsad"]
[Black "Lakusic, Zoran"]
[Result "1-0"]
[WhiteElo "2109"]
[BlackElo "1681"]
[PlyCount "87"]
[EventDate "2013.12.14"]
[EventType "tourn"]
[EventRounds "7"]
[EventCountry "MNE"]
[SourceTitle "EXT 2018"]
[Source "ChessBase"]
[SourceDate "2017.10.13"]
[SourceVersion "1"]
[SourceVersionDate "2017.10.13"]
[SourceQuality "1"]

1. f4 d5 2. Nf3 Bf5 3. b3 c5 4. e3 Nc6 5. Bb5 a6 6. Bxc6+ bxc6 7. 0-0 Nf6 8. Ne5 Qc8 9. Ba3 e6 10. Nc3 Rb8 11. Na4 Rb5 12. d3 d4 13. e4 Bg6 14. Qf3 h5 15. Rac1 h4 16. c3 Bh5 17. Qf2 Ng4 18. Nxg4 Bxg4 19. h3 Bh5 20. cxd4 cxd4 21. Bxf8 Kxf8 22. Qxd4 Rh6 23. Qd6+ Kg8 24. Rxc6 Qb7 25. Rc7 Qb8 26. Rfc1 Kh7 27. Qe7 Rg6 28. Qxh4 Rh6 29. Qe7 Rg6 30. Kf2 Rf6 31. g3 Rxb3 32. axb3 Qxb3 33. Qc5 Qxd3 34. Qxh5+ Rh6 35. Qe2 Qd4+ 36. Kg2 Qxa4 37. Rxf7 Qa5 38. Rcc7 Rg6 39. e5 Qd5+ 40. Kh2 Kh6 41. Rf8 Kh7 42. Qh5+ Rh6 43. Rxg7+ Kxg7 44. Qf7# 1-0

[Event "Podgorica Zeta CC-ch 16th"]
[Site "Podgorica"]
[Date "2013.12.14"]
[Round "1"]
[White "Maras, Aleksandar"]
[Black "Djokovic, Mirsad"]
[Result "0-1"]
[WhiteElo "1650"]
[BlackElo "2109"]
[PlyCount "66"]
[EventDate "2013.12.14"]
[EventType "tourn"]
[EventRounds "7"]
[EventCountry "MNE"]
[SourceTitle "EXT 2018"]
[Source "ChessBase"]
[SourceDate "2017.10.13"]
[SourceVersion "1"]
[SourceVersionDate "2017.10.13"]
[SourceQuality "1"]

1. e4 c5 2. f4 d5 3. exd5 Qxd5 4. Nc3 Qd6 5. d3 Nf6 6. Be2 Nc6 7. Nf3 b6 8. h3 Bb7 9. Be3 Nh5 10. Nb5 Qb8 11. Qd2 a6 12. Nc3 Ng3 13. Rg1 g6 14. Nd5 Qd8 15. Nc3 Bg7 16. Bf2 Nxe2 17. Qxe2 Nd4 18. Nxd4 cxd4 19. Ne4 Rc8 20. 0-0-0 0-0 21. g4 Bd5 22. Kb1 b5 23. h4 Qa5 24. b3 Rc6 25. h5 Rfc8 26. Rd2 Qb4 27. hxg6 hxg6 28. g5 a5 29. c4 dxc3 30. Rc2 a4 31. Nc5 axb3 32. axb3 Bxb3 33. Nxb3 Qxb3+ 0-1

[Event "MNT-chT1"]
[Site "Cetinje"]
[Date "2013.09.07"]
[Round "5"]
[White "Potpara, Nikola"]
[Black "Djokovic, Mirsad"]
[Result "1-0"]
[WhiteElo "2230"]
[BlackElo "2118"]
[PlyCount "61"]
[EventDate "2013.08.30"]
[EventType "team-tourn"]
[EventRounds "9"]
[EventCountry "MNE"]
[SourceTitle "CBM 156 Extra"]
[Source "ChessBase"]
[SourceDate "2013.10.22"]
[SourceVersion "1"]
[SourceVersionDate "2013.10.22"]
[SourceQuality "1"]

1. d4 c5 2. d5 Nf6 3. c4 b5 4. cxb5 a6 5. b6 d6 6. Nc3 Nbd7 7. a4 Qxb6 8. a5 Qc7 9. e4 g6 10. f4 Bg7 11. Bc4 0-0 12. Nge2 Re8 13. 0-0 Nf8 14. Qd3 Nh5 15. Ra2 Kh8 16. b3 f5 17. h3 Bf6 18. Qf3 Ng7 19. e5 dxe5 20. fxe5 Bxe5 21. d6 Qb8 22. Qd5 Nd7 23. dxe7 Bb7 24. Qxd7 Ra7 25. Qd3 Rxe7 26. Bg5 Re8 27. Nd5 Bc6 28. Nb6 Be4 29. Qd2 h6 30. Bf6 Bxf6 31. Qxh6# 1-0

[Event "MNT-chT1"]
[Site "Cetinje"]
[Date "2013.08.30"]
[Round "1"]
[White "Nikolic, Zoran"]
[Black "Djokovic, Mirsad"]
[Result "0-1"]
[WhiteElo "2161"]
[BlackElo "2118"]
[PlyCount "80"]
[EventDate "2013.08.30"]
[EventType "team-tourn"]
[EventRounds "9"]
[EventCountry "MNE"]
[SourceTitle "CBM 156 Extra"]
[Source "ChessBase"]
[SourceDate "2013.10.22"]
[SourceVersion "1"]
[SourceVersionDate "2013.10.22"]
[SourceQuality "1"]

1. Nf3 g6 2. d4 Bg7 3. c3 c5 4. e3 b6 5. Bd3 Bb7 6. Nbd2 d6 7. Qe2 Nd7 8. 0-0 Qc7 9. Rd1 Ngf6 10. e4 0-0 11. b3 Nh5 12. Nc4 b5 13. Nb2 b4 14. cxb4 cxd4 15. Bd2 Rac8 16. Rac1 Qb8 17. Nc4 Ba8 18. a4 Rfe8 19. Rb1 e6 20. Na5 d5 21. exd5 Bxd5 22. Be4 Ndf6 23. Bxd5 Nxd5 24. b5 Nhf4 25. Bxf4 Qxf4 26. Qd2 e5 27. Qxf4 Nxf4 28. Kf1 Nd5 29. Ra1 Nc3 30. Re1 e4 31. Nd2 e3 32. fxe3 dxe3 33. Nf3 e2+ 34. Kg1 Rcd8 35. Rac1 g5 36. h3 h5 37. Nxg5 Bd4+ 38. Kh2 Be5+ 39. Kg1 Bg3 40. Nf3 Rd1 0-1